[Event "Kstovo Chess Hopes op"]
[Site "Kstovo"]
[Date "2012.07.??"]
[Round "4"]
[White "Konyshev, Artem"]
[Black "Kulagina, Ekaterina"]
[Result "1/2-1/2"]
[WhiteElo "2370"]
[BlackElo "1736"]
[PlyCount "25"]
[EventDate "2012.07.??"]
[EventType "swiss"]
[EventRounds "9"]
[EventCountry "RUS"]
[SourceTitle "EXT 2014"]
[Source "ChessBase"]
[SourceDate "2013.11.20"]
[SourceVersion "1"]
[SourceVersionDate "2013.11.20"]
[SourceQuality "1"]

1. e4 e5 2. Nf3 Nc6 3. Bc4 Nf6 4. d3 Bc5 5. c3 d6 6. 0-0 0-0 7. Bg5 h6 8. Bh4 Be6 9. Nbd2 Bxc4 10. Nxc4 a6 11. a4 Qe7 12. b4 Ba7 13. Qb3 1/2-1/2

[Event "Nizhnij Novgorod Cup of Nadezhda"]
[Site "Nizhnij Novgorod"]
[Date "2011.08.08"]
[Round "?"]
[White "Kulagina, Ekaterina"]
[Black "Popov, Nikita A"]
[Result "1-0"]
[WhiteElo "1746"]
[BlackElo "1796"]
[PlyCount "77"]
[EventDate "2011.08.08"]
[EventType "swiss"]
[EventRounds "8"]
[EventCountry "RUS"]
[SourceTitle "EXT 2022"]
[Source "ChessBase"]
[SourceDate "2021.10.06"]
[SourceVersion "1"]
[SourceVersionDate "2021.10.06"]
[SourceQuality "1"]

1. e4 c6 2. d4 d5 3. exd5 cxd5 4. Bd3 Nf6 5. h3 Nc6 6. c3 e6 7. Bf4 Be7 8. Nf3 0-0 9. 0-0 a6 10. Nbd2 b5 11. a3 Na5 12. Ne5 Bb7 13. b4 Nc4 14. Nb3 Nb2 15. Qc2 Nxd3 16. Qxd3 Qb6 17. Nc5 Bc6 18. Bg5 Rfe8 19. f3 Rad8 20. Rae1 h6 21. Bh4 Rc8 22. Bg3 Red8 23. Bh2 Nd7 24. Nexd7 Bxd7 25. Kh1 Be8 26. f4 g6 27. Qe3 Kh7 28. Bg3 Bf6 29. Qf2 Bg7 30. Bh4 Rd6 31. Be7 Rdc6 32. Qh4 a5 33. g4 f5 34. Bg5 R6c7 35. Bd8 Bf7 36. Bxc7 Qxc7 37. gxf5 gxf5 38. Rg1 Bh8 39. Re3 1-0

[Event "Nizhnij Novgorod Dubinin Memorial 18th"]
[Site "Nizhnij Novgorod"]
[Date "2011.01.03"]
[Round "?"]
[White "Dragov, Anatoly"]
[Black "Kulagina, Ekaterina"]
[Result "1-0"]
[WhiteElo "2017"]
[BlackElo "1726"]
[PlyCount "31"]
[EventDate "2011.01.03"]
[EventType "swiss"]
[EventRounds "9"]
[EventCountry "RUS"]
[SourceTitle "EXT 2012"]
[Source "ChessBase"]
[SourceDate "2011.11.24"]
[SourceVersion "1"]
[SourceVersionDate "2011.11.24"]
[SourceQuality "1"]

1. d4 Nf6 2. Nf3 g6 3. g3 Bg7 4. Bg2 0-0 5. c4 d6 6. 0-0 Nbd7 7. Nc3 c5 8. e3 Rb8 9. b3 a6 10. Qd3 cxd4 11. exd4 d5 12. c5 e6 13. Bf4 Ra8 14. b4 Ne8 15. Rfe1 Nc7 16. Bd6 1-0

[Event "Kstovo op"]
[Site "Kstovo"]
[Date "2010.09.09"]
[Round "6"]
[White "Shilnikov, Igor S"]
[Black "Kulagina, Ekaterina"]
[Result "1/2-1/2"]
[WhiteElo "1905"]
[BlackElo "1724"]
[PlyCount "53"]
[EventDate "2010.09.04"]
[EventType "swiss"]
[EventRounds "9"]
[EventCountry "RUS"]
[SourceTitle "EXT 2014"]
[Source "ChessBase"]
[SourceDate "2013.11.20"]
[SourceVersion "1"]
[SourceVersionDate "2013.11.20"]
[SourceQuality "1"]

1. d4 Nf6 2. Nf3 g6 3. c4 Bg7 4. Nc3 0-0 5. Bg5 h6 6. Bh4 d6 7. e3 Nbd7 8. Be2 c5 9. Rc1 Qa5 10. 0-0 cxd4 11. Nxd4 Ne5 12. a3 Bd7 13. f4 Nc6 14. Ndb5 a6 15. b4 Qb6 16. Nd4 Nxd4 17. exd4 Be6 18. Bf2 Qc7 19. d5 Bf5 20. Bd4 Qd7 21. h3 h5 22. Bf3 Rac8 23. Bxf6 Bxf6 24. Na4 Qc7 25. Be2 Bd7 26. Nc3 Qb6+ 27. Kh2 1/2-1/2

[Event "Nizhnij Novgorod-ch"]
[Site "Nizhnij Novgorod"]
[Date "2010.03.??"]
[Round "?"]
[White "Kulagina, Ekaterina"]
[Black "Chunakov, Valery"]
[Result "0-1"]
[WhiteElo "1736"]
[BlackElo "1882"]
[PlyCount "110"]
[EventDate "2010.03.13"]
[EventType "swiss"]
[EventRounds "9"]
[EventCountry "RUS"]
[SourceTitle "EXT 2022"]
[Source "ChessBase"]
[SourceDate "2021.10.06"]
[SourceVersion "1"]
[SourceVersionDate "2021.10.06"]
[SourceQuality "1"]

1. e4 c5 2. Nf3 Nc6 3. Nc3 g6 4. d4 cxd4 5. Nxd4 Bg7 6. Be3 d6 7. Be2 Nf6 8. 0-0 0-0 9. h3 a6 10. Qd2 Nxd4 11. Bxd4 b5 12. a3 Bb7 13. Bf3 Nd7 14. Bxg7 Kxg7 15. Rad1 Rc8 16. Bg4 h5 17. Bxd7 Qxd7 18. e5 Qc6 19. Qg5 dxe5 20. Qxe5+ Kg8 21. Qg5 Kg7 22. Rfe1 e6 23. f3 Qc5+ 24. Qe3 Qxe3+ 25. Rxe3 Rfd8 26. Red3 Rxd3 27. Rxd3 Kf6 28. Kf2 a5 29. b4 axb4 30. axb4 Rc4 31. Ke3 Ke7 32. Nxb5 Rxc2 33. Rd2 Rxd2 34. Kxd2 Ba6 35. Nd4 Bf1 36. g3 Bxh3 37. Ke3 e5 38. Nc6+ Kd6 39. Nd8 f5 40. Nf7+ Kd5 41. Nh8 g5 42. Nf7 f4+ 43. gxf4 gxf4+ 44. Kf2 Be6 45. Ng5 h4 46. Kg1 Bf5 47. Kh2 Kc4 48. b5 Kxb5 49. Nf7 Kc5 50. Nxe5 Kd4 51. Nf7 Ke3 52. Ng5 Kf2 53. Kh1 Kg3 54. Kg1 Bd3 55. Kh1 Be2 0-1

[Event "Nizhnij Novgorod op"]
[Site "Nizhnij Novgorod"]
[Date "2010.??.??"]
[Round "?"]
[White "Kulagina, Ekaterina"]
[Black "Mordovchenkov, Nikolay"]
[Result "0-1"]
[WhiteElo "1736"]
[BlackElo "1817"]
[PlyCount "64"]
[EventDate "2010.10.02"]
[EventType "swiss"]
[EventRounds "9"]
[EventCountry "RUS"]
[SourceTitle "EXT 2011"]
[Source "ChessBase"]
[SourceDate "2010.11.26"]
[SourceVersion "1"]
[SourceVersionDate "2010.11.26"]
[SourceQuality "1"]

1. e4 c5 2. Nc3 e6 3. Bc4 a6 4. a4 Nc6 5. Nf3 g6 6. d4 cxd4 7. Nxd4 Bg7 8. Be3 Nge7 9. 0-0 Qc7 10. Bb3 b6 11. Qd2 Bb7 12. Nxc6 Nxc6 13. Rad1 0-0-0 14. f3 Ne5 15. Qf2 Nc4 16. Bxc4 Qxc4 17. Bxb6 Rde8 18. Rd3 f5 19. Rfd1 Bc6 20. Qg3 e5 21. exf5 Bf8 22. Ne4 gxf5 23. Nd6+ Bxd6 24. Rxd6 Qxc2 25. R6d2 Qxa4 26. Qf2 Rhg8 27. Kh1 e4 28. Ba7 Qb3 29. fxe4 fxe4 30. Rxd7 e3 31. Qf5 Bxg2+ 32. Kg1 Bh3+ 0-1

[Event "Nizhnij Novgorod op"]
[Site "Nizhnij Novgorod"]
[Date "2010.??.??"]
[Round "?"]
[White "Simagin, Maxim"]
[Black "Kulagina, Ekaterina"]
[Result "1-0"]
[WhiteElo "2038"]
[BlackElo "1736"]
[PlyCount "53"]
[EventDate "2010.10.02"]
[EventType "swiss"]
[EventRounds "9"]
[EventCountry "RUS"]
[SourceTitle "EXT 2011"]
[Source "ChessBase"]
[SourceDate "2010.11.26"]
[SourceVersion "1"]
[SourceVersionDate "2010.11.26"]
[SourceQuality "1"]

1. d4 d5 2. e3 c6 3. Bd3 Nf6 4. h3 Nbd7 5. f4 c5 6. c3 cxd4 7. exd4 e6 8. Nf3 a6 9. 0-0 b5 10. Ne5 g6 11. Qe2 Bg7 12. f5 0-0 13. fxg6 hxg6 14. Bg5 Qe8 15. Nd2 Nh7 16. Bh4 Nxe5 17. dxe5 Bb7 18. Nf3 Qd7 19. Nd4 Qc7 20. Rae1 Qb6 21. Qf2 Rac8 22. Be7 Qc7 23. Bd6 Qd7 24. h4 Rfe8 25. h5 Nf8 26. Qg3 gxh5 27. Qg5 1-0

[Event "RUS-chB U14 Girls"]
[Site "Dagomys"]
[Date "2009.04.??"]
[Round "8"]
[White "Kulagina, Ekaterina"]
[Black "Sorokina, Nadejda"]
[Result "1/2-1/2"]
[WhiteElo "1721"]
[BlackElo "1870"]
[PlyCount "63"]
[EventDate "2009.04.15"]
[EventType "swiss"]
[EventRounds "9"]
[EventCountry "RUS"]
[SourceTitle "EXT 2012"]
[Source "ChessBase"]
[SourceDate "2011.11.24"]
[SourceVersion "1"]
[SourceVersionDate "2011.11.24"]
[SourceQuality "1"]

1. e4 e5 2. Nf3 Nc6 3. Bb5 g6 4. 0-0 Bg7 5. Re1 Nge7 6. c3 0-0 7. d4 exd4 8. cxd4 d5 9. e5 Bg4 10. Be3 a6 11. Ba4 f6 12. Bxc6 Nxc6 13. Nc3 fxe5 14. dxe5 Bxf3 15. gxf3 Nxe5 16. f4 Nc4 17. Qxd5+ Qxd5 18. Nxd5 Nxb2 19. Nxc7 Nd3 20. Nxa8 Nxe1 21. Rxe1 Rxa8 22. Rc1 Rf8 23. Kg2 Bf6 24. Rc7 Rf7 25. Rc5 Be7 26. Rd5 Kg7 27. Kf3 h5 28. h3 Kg8 29. Bd2 Kg7 30. Be3 Kg8 31. Bd2 Kg7 32. Be3 1/2-1/2